Southville International School and Colleges
Your cart is empty.
  • Cart
  • Lists
    Public lists list_1 View all
    Your lists Log in to create your own lists
  • Log in to your account
  • Your cookies
  • Search history
Southville International School and Colleges
  • Advanced search
  • Recent comments
  • Most popular
  • Libraries

Log in to your account

Log in with GOOGLE


If you do not have an external account, but do have a local account, you can still log in:

  1. Home
  2. MARC view: Exploring with polydrons, bk.1 /
Normal view MARC view ISBD view

Exploring with polydrons, bk.1 / (Record no. 102833)

[ view plain ]
MARC details
000 -LEADER
fixed length control field 00485nam a2200169 a 4500
005 - DATE AND TIME OF LATEST TRANSACTION
control field 20140412111243.0
008 - FIXED-LENGTH DATA ELEMENTS--GENERAL INFORMATION
fixed length control field 001111s19uu xx 00 eng d
020 ## - INTERNATIONAL STANDARD BOOK NUMBER
International Standard Book Number 0-938587-20-X
050 ## - LIBRARY OF CONGRESS CALL NUMBER
Classification number TR(GS 516
Item number KOM
100 ## - MAIN ENTRY--PERSONAL NAME
Personal name Komarc, Marilyn
245 ## - TITLE STATEMENT
Title Exploring with polydrons, bk.1 /
Statement of responsibility, etc Marilyn Komarc and Gwen Clay.
260 ## - PUBLICATION, DISTRIBUTION, ETC. (IMPRINT)
Place of publication, distribution, etc New Rochelle, NY :
Name of publisher, distributor, etc Cuisenaire Comp., America Inc,
Date of publication, distribution, etc 1991.
650 ## - SUBJECT ADDED ENTRY--TOPICAL TERM
Topical term or geographic name as entry element Polydrons
650 ## - SUBJECT ADDED ENTRY--TOPICAL TERM
Topical term or geographic name as entry element Polyhedra
650 ## - SUBJECT ADDED ENTRY--TOPICAL TERM
Topical term or geographic name as entry element Geometry
Holdings
Withdrawn status Lost status Damaged status Use restrictions Home library Current library Shelving location Date acquired Source of acquisition Total Checkouts Full call number Barcode Date last seen Price effective from Koha item type
        Elizalde Library Elizalde Library Teachers Reference Section 11/11/2000     TR(GS 516 KOM E2931 04/12/2014 04/12/2014 Books

Exploring with polydrons, bk.1 /

APA

Komarc M., . (1991). Exploring with polydrons, bk.1. New Rochelle, NY: Cuisenaire Comp., America Inc.

Chicago

Komarc Marilyn, . 1991. Exploring with polydrons, bk.1. New Rochelle, NY: Cuisenaire Comp., America Inc.

Harvard

Komarc M., . (1991). Exploring with polydrons, bk.1. New Rochelle, NY: Cuisenaire Comp., America Inc.

MLA

Komarc Marilyn, . Exploring with polydrons, bk.1. New Rochelle, NY: Cuisenaire Comp., America Inc. 1991.

  • Place hold
  • Print
  • Cite
  • Add to your cart (remove)
  • Save record
    BIBTEX Dublin Core MARCXML MARC (non-Unicode/MARC-8) MARC (Unicode/UTF-8) MARC (Unicode/UTF-8, Standard) MODS (XML) RIS
  • More searches
    Search for this title in:
    Other Libraries (WorldCat) Other Databases (Google Scholar) Online Stores (Bookfinder.com) Open Library (openlibrary.org)

Exporting to Dublin Core...

SOUTHVILLE LIBRARY

Southville International School and Colleges Library

1281 Tropical Ave. Cor. Luxembourg St., BF Homes International, Las Pinas City

Tel. No. 8256374 / 252358 Loc. 117/146

Powered by Koha